zpět

Detail výsledku týmu

Restaurace Jednota, Karlovy Vary

Datum a čas kvízu

31 Celkem bodů Celkový počet nahraných bodů na tomto kvízu bez doplňovacích otázek.
2. Pořadí na kvízu Konečné umístění týmu na tomto kvízu.

Zaznamenané odpovědi

# Otázka Odpověď Body Výsledky
1. Grand Prix Architektů - Národn... v Jihomoravském kraji 0
2. Na počátku minulého týdne zača... Díválí/Diwali 0
3. V pátek byl v jednom českém kr... Ji.hlava 1
4. Počátkem týdne jsme se dozvědě... L’Oréal 1
5. Minulý týden proběhl v indonés... sportovní gymnastika 1
6. Dnešní zeměpisné téma otevírám... Golčův Jeníkov, Gmünd 0
7. Které z následujících tvrzení... C 1
8. V další otázce bude vaším úkol... 1D 2A 3B 4C 1
9. Napište název města obsahující... Nottingham 1
10. V této koláži jsou spojené vla... Gruzie, Guatemala 1